000 00288nam a2200109Ia 4500
008 171211s9999 xx 000 0 und d
245 4 _aThe Oxford Companion to Jazz
245 _cBill Kirchner
260 _c2000
650 _xmusic
856 _uhttp://down.ebook777.com/060/019512510X.pdf
999 _c348685
_d348685